[Event "Hoogovens"]
[Site "Wijk aan Zee"]
[Date "1997.01.23"]
[Round "5"]
[White "Sokolov, Ivan"]
[Black "Lautier, Joel"]
[Result "1/2-1/2"]
[WhiteElo "2615"]
[BlackElo "2630"]
[Annotator "Alterman,B"]
[PlyCount "54"]
[EventDate "1997.01.18"]
[EventType "tourn"]
[EventRounds "13"]
[EventCountry "NED"]
[EventCategory "16"]
[SourceTitle "CBM 057"]
[Source "ChessBase"]
[SourceDate "1997.04.01"]
[SourceVersion "1"]
[SourceVersionDate "1997.04.01"]
[SourceQuality "1"]

1. d4 d5 2. c4 dxc4 3. e3 Nf6 4. Bxc4 e6 5. Nf3 c5 6. Qe2 a6 7. dxc5 Bxc5 8.
O-O Nc6 (8... Nbd7 9. e4 b5 10. Bd3 Bb7 11. a4 bxa4 12. Nc3 $1 O-O 13. Rxa4 a5
14. e5 $1 Bxf3 15. gxf3 Nd5 16. Nxd5 exd5 17. Rg4 $40 {Sokolov,I-van Wely,L/
Wijk aan Zee/1996/}) 9. e4 b5 (9... Ng4 $142) 10. Bb3 Nd4 $1 (10... Ng4 $2 11.
e5 Nd4 12. Qe4 $18) (10... Bb7 $6 11. e5 Nd7 (11... Nd5 $5 12. Rd1 Qb6 $1) 12.
Bf4 (12. Rd1 Qb6 13. Bf4 Nd4 14. Nxd4 Bxd4 15. Nd2 O-O 16. Nf3 Bxf3 17. gxf3
Rfd8 18. Rd2 Nf8 19. Bg5 Rd7 20. Rad1 {0-1 Izeta,F-Granda Zuniga,J/Pamplona
9596 (03) ,CBM 52 1996 (33)}) 12... g5 $5 13. Nxg5 $1 Rg8 $1 (13... Ncxe5 $2
14. Nxe6 $18) 14. Qh5 (14. Nf3 $2 Nd4) (14. h4 h6 15. Nxe6 Nd4 $19) 14... Ncxe5
15. Bxe6 Qf6 16. Bxd7+ $8 Nxd7 17. Re1+ Be7 $8 18. g3 {0-1 Gleizerov,E-Vulfson,
V/St.Petersburg op (09) 1995 (38)}) 11. Nxd4 Qxd4 12. Nc3 (12. e5 {Hansen,LB}
Qe4 $1 $10) 12... Qe5 13. Be3 (13. Kh1 b4 $13) 13... Bxe3 14. Qxe3 Ng4 15. Qg3
(15. Qh3 h5 16. Rae1 Bb7 17. Qg3 Qxg3 18. hxg3 Ne5 19. f4 Nd3 20. Re3 Nc5 $10 {
1/2-1/2 Sokolov,I-Van Wely,L/Groningen (05) ,CBM 51 1995 (46)}) 15... Qxg3 16.
hxg3 Ke7 $10 {This line doesn't lead to success for White.Black has no problem}
17. Rac1 (17. f3 Ne5 $10) 17... Bd7 18. Ne2 (18. f3 Ne5 19. Rfd1 $10) 18...
Rac8 19. Rfd1 Rhd8 (19... a5 $5) 20. a3 (20. Rxc8 Rxc8 21. f3 $15) 20... Be8
$10 21. Rxc8 Rxc8 22. f3 Ne5 23. Kf2 b4 $10 24. axb4 Rb8 25. Bc2 Rxb4 26. b3
Rb7 27. Nd4 (27. Ke3 $10) 27... Nc6 1/2-1/2

[Event "Asia-ch"]
[Site "Kolkata"]
[Date "2001.08.09"]
[Round "1"]
[White "Vladimirov, Yevgeniy"]
[Black "Murshed, Niaz"]
[Result "1-0"]
[WhiteElo "2612"]
[BlackElo "2453"]
[Annotator "Atlas,V"]
[PlyCount "59"]
[EventDate "2001.08.09"]
[EventType "swiss"]
[EventRounds "11"]
[EventCountry "IND"]
[SourceTitle "CBM 085"]
[Source "ChessBase"]
[SourceDate "2001.11.13"]
[SourceVersion "1"]
[SourceVersionDate "2001.11.13"]
[SourceQuality "1"]

1. Nf3 Nf6 2. d4 d5 3. c4 dxc4 4. e3 e6 5. Bxc4 a6 6. O-O c5 7. Qe2 b5 8. Bb3
Bb7 9. a4 b4 10. Nbd2 Nbd7 11. a5 Be7 12. Nc4 O-O 13. Bd2 cxd4 14. exd4 Qb8 15.
Rfe1 Bd5 16. Bc2 Qb7 17. Nce5 b3 18. Bd3 Nxe5 19. dxe5 Nd7 20. Rac1 Rfd8 $2 ({
A dubious decision. More prudent was 20..h6. Also risky} 20... Nc5 {deserved
serious attention:} 21. Rxc5 Bxc5 22. Bxh7+ Kxh7 23. Ng5+ Kg8 24. Qh5 Rfc8 25.
Qh7+ Kf8 26. Qh8+ Ke7 27. Qxg7 Kd7) 21. Ng5 $1 {Signal to the attack!} h6 22.
Nxf7 $1 {[%cal Ge2h5,Gd3h7,Gd2h6]} Kxf7 23. Qh5+ Kg8 24. Bxh6 $1 Nf8 25. Re3 {
[%csl Rg7][%cal Ge3g3,Gg3g7,Gh6g7]} Rac8 26. Rxc8 Rxc8 27. Rg3 Bd8 {[%tqu "En",
"How can White continue his attack?","Try to deflect the black queen.","Use
your light-sqaured bishop for a decisve strike!","d3a6","This move wins on the
spot.",5]} 28. Bxa6 $1 {[%csl Rc8,Rg7][%cal Ga6c8,Gg3g7,Gh6g7]} Qxa6 (28... Qc7
{fails to} 29. Bxg7 (29. Bxc8 {is also winning:} g6 30. Ba6) 29... Qc1+ 30. Bf1
) 29. Rxg7+ Kh8 30. Qf7 {And Black resigned, as mate is inevitable.} 1-0

[Event "RUS-ch"]
[Site "Elista"]
[Date "1995.??.??"]
[Round "7"]
[White "Aseev, Konstantin N"]
[Black "Zvjaginsev, Vadim"]
[Result "1/2-1/2"]
[WhiteElo "2530"]
[BlackElo "2600"]
[Annotator "Belov,I"]
[PlyCount "54"]
[EventDate "1995.10.??"]
[EventType "swiss"]
[EventRounds "11"]
[EventCountry "RUS"]
[SourceTitle "CBM 050"]
[Source "ChessBase"]
[SourceDate "1996.02.01"]
[SourceVersion "1"]
[SourceVersionDate "1996.02.01"]
[SourceQuality "1"]

1. d4 d5 2. c4 dxc4 3. e3 Nf6 4. Bxc4 e6 5. Nf3 c5 6. O-O a6 7. Qe2 b5 8. Bb3
Bb7 9. a4 b4 (9... Nbd7) 10. Rd1 Nbd7 (10... Nc6 11. Nbd2 Na5 12. Bc2 Rc8 13.
Bd3 Qb6 14. Nc4 Nxc4 15. Bxc4 Bd6 16. e4 Bxe4 17. d5 e5 18. a5 $36 {Djurhuus,
R-Torhallsson,T/Reykjavik zt/1995/1:0/46/}) 11. Nbd2 (11. Ne5 Qc7 12. Nxd7 Nxd7
13. d5 exd5 14. Bxd5 Bxd5 15. Rxd5 Be7 16. Nd2 Nf6 17. Rd3 O-O 18. Nc4 $14 {
Beikert,G-Kallai,G/French tch/1993/1:0/46/}) 11... Be7 (11... Qc7 $5 12. Nc4
Be7 13. Bd2 O-O 14. Rac1 {Zvjaginsev,V-Rublevsky,S/St-Peterburg/1994/0,5/}) 12.
Nc4 (12. e4 $5 cxd4 13. e5 d3 (13... Nd5) 14. Qxd3 Nd5 15. Ne4 Nc5 16. Nxc5
Bxc5 17. a5 $14 {Trapl,J-Kucera,P/CR-ch/1994/1:0/41/}) 12... O-O (12... Bd5 13.
Nfe5 $1 cxd4 14. exd4 O-O 15. Bf4 Ra7 16. Bc2 $14 {Ionov,S-Ibragimov,I/RUS-ch/
1994/1:0/32/}) 13. Nfe5 (13. Bd2 a5 14. Rac1 Qb8 15. Nce5 Nxe5 16. Nxe5 Rd8 17.
Nf3 Ne4 $15 {Brynell,S-Sadler,M/Malmo/1995/0,5/39/}) 13... Qc7 14. e4 $1 Bxe4 (
14... Nxe5 15. dxe5 Nd7 (15... Nxe4 16. f3 Ng5 17. h4 Nxf3+ 18. gxf3 Bxh4 19.
Bf4 $18) 16. Bf4 a5 17. Nd6 Ba6 18. Bc4 $14) (14... Nxe4 15. Nxd7 Qxd7 16. Nb6
(16. dxc5 Qc7 $17 (16... Qc6 17. Na5 Nc3 18. Qf1 Ne2+ 19. Kh1 $18)) (16. d5 $1
Nf6 (16... exd5 17. Qxe4 Qc7 18. Rxd5 Bxd5 19. Qxd5 $18) 17. Nb6 Qc7 18. Nxa8
Rxa8 19. dxe6 $18) 16... Qc6 17. Nxa8 Nc3 18. Qf1 Nxd1 $17) 15. Bf4 Qa7 (15...
Nxe5 16. dxe5 $18) (15... Bd5 16. Ng6 Qd8 (16... e5 17. Nxe7+ Kh8 18. dxe5 $18)
17. Nxf8 Bxf8 18. Bc2 $16) 16. Nxd7 Qxd7 17. Nb6 Qc6 18. Nxa8 Rxa8 (18... Bxg2
19. Nc7 Bf3 20. d5 Bxe2 21. dxc6 Bxd1 22. Rxd1 $18) 19. Bg5 $1 (19. f3 Bd5 20.
Bxd5 Nxd5 21. Bg3 c4 22. Rac1 c3 $15) 19... Bxg2 (19... h6 20. Bxf6 Bxf6 21. f3
Bd5 22. Bxd5 Qxd5 23. dxc5 Qxc5+ 24. Kh1 $16) 20. d5 $1 Bxd5 (20... Nxd5 21.
Bxd5 Bxd5 22. Rxd5 exd5 23. Bxe7) 21. Bxd5 Nxd5 22. Rxd5 $1 exd5 23. Bxe7 $16
Re8 24. Re1 Qxa4 (24... Qd7 25. Qxa6 f6 (25... Rxe7 26. Qa8+ $18) 26. Qe2 Kf7
27. a5 Rxe7 28. Qxe7+ Qxe7 29. Rxe7+ Kxe7 30. a6 $18) (24... Qb7 $5 25. Qe5 c4
26. Re3 c3 27. bxc3 b3 $13 28. Rg3 g6) 25. Qg4 Qc6 26. Re3 Ra8 (26... d4 27.
Bf6 $1 g6 $8 28. Rxe8+ Qxe8 29. Qf4 $16) 27. Rg3 Qg6 (27... g6 28. Qg5 a5 29.
Bf6 a4 30. Rf3 $36) (27... Qg6 28. Qf4 (28. Qxg6 hxg6 29. Bxc5 a5 30. Rd3 Rb8
31. Rxd5 Rb5 32. Rd8+ Kh7 33. Bf8 a4 34. Rd4 a3 35. bxa3 bxa3 36. Bxa3 $18)
28... Qb1+ (28... Qe6 29. Bf6 g6 30. Re3 Qc6 31. Rf3 $18) 29. Kg2 g6 (29...
Qxb2 30. Bf6) 30. Bf6 $36) 1/2-1/2

[Event "Szirak"]
[Site "Szirak"]
[Date "1986.??.??"]
[Round "?"]
[White "Nogueiras Santiago, Jesus"]
[Black "Spraggett, Kevin"]
[Result "0-1"]
[WhiteElo "2570"]
[BlackElo "2525"]
[Annotator "ChessBase"]
[PlyCount "86"]
[EventDate "1986.09.??"]
[EventType "tourn"]
[EventRounds "13"]
[EventCountry "HUN"]
[EventCategory "12"]
[SourceTitle "MCL"]
[Source "ChessBase"]
[SourceDate "1999.07.01"]
[SourceVersion "1"]
[SourceVersionDate "1999.07.01"]
[SourceQuality "1"]

1. d4 d5 2. c4 dxc4 3. Nf3 Nf6 4. e3 e6 5. Bxc4 c5 6. Qe2 a6 7. dxc5 Bxc5 8.
O-O Nc6 9. e4 b5 10. Bb3 e5 11. Be3 Qb6 12. Nc3 Bxe3 13. fxe3 O-O 14. Nd5 Nxd5
15. exd5 Na5 16. Nxe5 Nxb3 17. axb3 f6 18. Nc6 Re8 19. Qd2 Bb7 20. Qd4 $16 Qxd4
21. exd4 Rac8 22. Rfc1 Rc7 23. Rc5 Rd7 24. Kf2 Kf8 25. Rd1 Rd6 26. Rd3 h6 27.
Re3 Rxe3 28. Kxe3 Ke8 29. Ke4 g6 30. Rc3 Bc8 31. Rc5 Bb7 32. Na5 (32. g4 $1 $16
) 32... Ba8 33. Rc8+ Rd8 34. Rc5 Kd7 35. b4 Re8+ 36. Kd3 Kd6 37. g4 Bxd5 38. h4
g5 39. hxg5 hxg5 40. Rc1 Rh8 41. Rf1 Rh3+ 42. Kd2 Rf3 43. Rg1 Rf2+ 0-1

[Event "ESP-chT Honor Gp1 49th"]
[Site "Merida"]
[Date "2005.08.24"]
[Round "1"]
[White "Sanchez Guirado, Francisco Javier"]
[Black "Cifuentes Parada, Roberto"]
[Result "1/2-1/2"]
[WhiteElo "2408"]
[BlackElo "2512"]
[Annotator "Cifuentes Parada,L"]
[PlyCount "52"]
[EventDate "2005.08.24"]
[EventType "team"]
[EventRounds "5"]
[EventCountry "ESP"]
[SourceTitle "CBM 109"]
[Source "ChessBase"]
[SourceDate "2005.11.14"]
[SourceVersion "1"]
[SourceVersionDate "2005.11.14"]
[SourceQuality "1"]

1. d4 d5 2. c4 dxc4 3. Nf3 c5 4. e3 Nf6 5. Bxc4 e6 6. Qe2 a6 7. O-O b5 8. Bb3
Bb7 9. Rd1 Nbd7 10. a4 Qb8 $1 11. axb5 (11. e4 $6 cxd4 12. Nxd4 Bd6 13. h3 (13.
axb5 $2 axb5 14. Rxa8 Bxh2+ $1 15. Kh1 Bxa8 16. g3 Bxg3 17. fxg3 Nxe4 $17)
13... O-O 14. axb5 Nc5 15. Bc2 axb5 16. Rxa8 Bxa8 $11) (11. Ne5 Be7 12. Na3 O-O
$1 13. axb5 axb5 14. Qxb5 Bxg2 15. Qxb8 Rfxb8 16. Bxe6 Nxe5 17. Kxg2 cxd4 18.
exd4 fxe6 19. dxe5 Nd5 $44) 11... axb5 12. Rxa8 Bxa8 13. Nc3 b4 14. Na4 Be7 (
14... cxd4 15. exd4 $5 (15. Rxd4 $143 Be7 16. e4 O-O 17. Bg5 Bc6 $1) 15... Bxf3
$1 (15... Be7 $6 16. Ne5 O-O 17. Nxf7 $1 Rxf7 18. Qxe6 Qe8 19. Re1 Kf8 20. Bd2
$16) 16. Qxf3 Bd6 17. Nc5 Bxh2+ 18. Kh1 Bd6 19. Nxd7 Nxd7 20. d5 e5 21. Qg4 g6
22. Ba4 Qa7 23. Bb5 $44) (14... Bd6 15. dxc5 Nxc5 16. Nxc5 Bxc5 17. Ba4+ Ke7
18. e4 $14) 15. dxc5 (15. e4 $6 cxd4 16. Nxd4 (16. e5 $2 Bxf3) 16... Nxe4 17.
Bc4 (17. f3 Nec5) 17... O-O 18. Nf5 (18. Nxe6 fxe6 19. Rxd7 Rxf2 20. Qg4 (20.
Bxe6+ $2 Kh8 21. Qg4 Qb5 $19) 20... Qf8 21. Be3 Bd5 $1 22. Rxd5 (22. Rxe7 Rc2
23. Qd1 (23. Bxd5 $2 Rc1+ $1 24. Bxc1 Qf2+) 23... Rxc4 $17) 22... exd5 23.
Bxd5+ Kh8 24. Qd1 Rd2 $3 25. Bxd2 Bc5+ $19) 18... exf5 19. Rxd7 Bd6 $1 20. h3
Qe8 21. Ra7 (21. Bb5 Qe5 22. f4 Qe6 $17) 21... Bc6 22. Bb3 (22. Qc2 Qe5 23. g3
Nxg3 $19) 22... Bxa4 23. Bxa4 (23. Rxa4 Nc5 $19) 23... Qe5 24. f4 (24. Kf1 Qh2
25. Qe1 Qh1+ 26. Ke2 Qxg2 $19) 24... Bc5+ 25. Be3 Ng3 26. fxe5 Nxe2+ {0-1
Namgilov,S (2425)-Ibragimov,I (2580)/Elista 1995}) 15... O-O $1 $11 16. c6 Ne5
(16... Bxc6 $5 17. Nd4 Ba8 18. Nxe6 $6 fxe6 19. Bxe6+ Kh8 20. Bxd7 Nxd7 21.
Rxd7 Bd6 22. Qg4 Bxh2+ 23. Kh1 Be5 24. f4 Bf6 $44) 17. Nxe5 Qxe5 18. Qc4 Qc7
19. Bd2 Qxc6 20. Qxc6 Bxc6 21. Rc1 Bb5 $1 $15 {[%csl Ga4] xNa4} 22. Rc7 (22.
Nc5 $2 Rc8 23. Nb7 Rb8 24. Na5 Ne4 $17) 22... Bd6 23. Rc1 (23. Rb7 Bc6 (23...
Bxa4 24. Bxa4 Ra8 25. b3 Nd5 26. Kf1 $11) 24. Rb6 Rc8 25. f3 Nd7 26. Ra6 Rc7 $1
$15) 23... Nd7 $6 (23... Rd8 $1 24. Be1 Nd7 {/\Ra8} 25. Bd1 Kf8 26. b3 Ke7 27.
Nb2 Ra8 $15) 24. Bd1 Ne5 (24... Rd8 $5) 25. Nc5 $11 Rc8 26. Ba4 (26. Nd3 Rxc1
27. Nxc1) 26... Bxa4 {'1/2-1/2 Sanchez Guirado,F-Cifuentes,R/Mérida (tt) 2005'}
1/2-1/2

[Event "Olympiad-32"]
[Site "Yerevan"]
[Date "1996.09.17"]
[Round "2.4"]
[White "Hoi, Carsten"]
[Black "Sadler, Matthew D"]
[Result "0-1"]
[WhiteElo "2445"]
[BlackElo "2615"]
[Annotator "Dolmatov,S"]
[PlyCount "60"]
[EventDate "1996.09.15"]
[EventType "team-swiss"]
[EventRounds "14"]
[EventCountry "ARM"]
[SourceTitle "CBM 055"]
[Source "ChessBase"]
[SourceDate "1996.12.01"]
[SourceVersion "1"]
[SourceVersionDate "1996.12.01"]
[SourceQuality "1"]
[WhiteTeam "Denmark"]
[BlackTeam "England"]
[WhiteTeamCountry "DEN"]
[BlackTeamCountry "ENG"]

1. d4 d5 2. Nf3 Nf6 3. c4 dxc4 4. e3 e6 5. Bxc4 c5 6. O-O a6 7. Nc3 b5 8. Bb3
Bb7 9. Qe2 Nbd7 10. Rd1 Qb6 11. a4 $6 (11. d5 Nxd5 12. Nxd5 Bxd5 13. Bxd5 exd5
14. Rxd5 Qb7 15. e4 Be7 16. Bg5 f6 17. Rad1 $40 {Vaganian,R-Garcia Palermo,C/
Regio Emilia/1992/}) 11... c4 12. Bc2 b4 13. a5 Qc7 14. Na4 Rc8 15. e4 b3 16.
Bb1 Qxa5 17. e5 (17. Bd2 $6 Bb4 18. Bxb4 Qxb4 19. Nc3 h6) 17... Nd5 18. Ng5 Bb4
(18... h6 $2 19. Qh5 g6 20. Bxg6 $16) 19. Qf3 (19. Qh5 $5 g6 20. Qf3 O-O 21.
Qh3 h5 22. Nxe6 fxe6 23. Bxg6 $40) 19... Rf8 20. Qh5 (20. Nxh7 Rh8 21. Ng5 Rf8
22. Qh5) 20... Kd8 21. Nxf7+ Kc7 22. Nd6 Bxd6 23. exd6+ Kb8 24. Nc5 (24. Bd2
Qb5 $15) 24... Qxa1 25. Nxd7+ Ka7 26. Nxf8 Rxf8 $17 (26... Qxb1 27. Nxe6 c3 28.
d7) 27. Be4 (27. Qxh7 c3 $17) 27... c3 28. bxc3 b2 29. Bd2 Nf4 $6 (29... g6 $5
30. Qe2 Nf4 31. Qe1 Qxd1 32. Qxd1 Bxe4 $19) 30. Qg4 $4 (30. Qc5+ Ka8 31. Bxb7+
Kxb7 32. Qc7+ $10) 30... Bxe4 0-1

[Event "Leon"]
[Site "Leon"]
[Date "1995.??.??"]
[Round "5"]
[White "Sokolov, Ivan"]
[Black "De la Villa Garcia, Jesus Maria"]
[Result "1/2-1/2"]
[WhiteElo "2645"]
[BlackElo "2490"]
[Annotator "Ftacnik,L"]
[PlyCount "82"]
[EventDate "1995.05.??"]
[EventType "tourn"]
[EventRounds "9"]
[EventCountry "ESP"]
[EventCategory "14"]
[SourceTitle "CBM 048"]
[Source "ChessBase"]
[SourceDate "1995.10.01"]
[SourceVersion "1"]
[SourceVersionDate "1995.10.01"]
[SourceQuality "1"]

1. d4 {Romero Holmes Hansen,LB} d5 2. c4 dxc4 3. Nf3 Nf6 4. e3 e6 5. Bxc4 c5 6.
O-O a6 7. Qe2 b5 8. Bb3 Bb7 9. a4 {Very popular at the moment.} Nbd7 10. axb5
axb5 11. Rxa8 Qxa8 12. Nc3 b4 13. Nb5 Qb8 {[#]} (13... Qa5 $5 14. e4 Be7 15. e5
Ne4 16. Rd1 cxd4 (16... O-O 17. d5 exd5 18. Bxd5 Bxd5 19. Rxd5 Nb6 20. Rd1 c4
21. Qxe4 Qxb5 22. Bg5 Bc5 23. Bf6 Qa4 $13 {Antunes,A-Yakovich,Y/Oviedo 25' (10)
/1993/0-1 (35)}) 17. Nfxd4 O-O (17... Nec5 18. Bg5 Ba6 19. Bxe7 Bxb5 20. Bc4
Kxe7 21. Bxb5 Nb8 22. Qe3 Rc8 23. Nc6+ Rxc6 24. Bxc6 Nxc6 25. Rc1 Nd7 26. Rxc6
Qxe5 27. Qxe5 Nxe5 28. Rb6 $16 {Antunes,A-Garcia Palermo,C/Benasque op (8)/
1993/1-0 (39)}) 18. Nxe6 fxe6 19. Rxd7 Qa1 20. Bxe6+ Kh8 21. Rxe7 Qxc1+ 22. Qf1
Qxf1+ 23. Kxf1 Ba6 24. Bd7 Rxf2+ 25. Ke1 g6 $13 {Huebner,R-Waitzkin,J/San
Francisco (07)/1995/0.5 (40)}) 14. e4 (14. Bc4 {Romero Holmes} Be7 15. Bd2 O-O
16. Rc1 Rc8 17. Bd3 h6 18. h3 cxd4 19. Rxc8+ Qxc8 20. exd4 {Kortchnoj,V-De la
Villa, Pamplona 1994/95 0.5 (51)}) 14... cxd4 (14... Nxe4 15. Ng5 Bc6 16. d5 $1
Bxb5 (16... exd5 17. Bxd5 Bxd5 18. Nxe4 Bxe4 19. Qxe4+ Be7 $44) 17. Qxe4 Nf6
18. Qe3 $1 (18. Qe1 $5) 18... Bxf1 19. Nxf7 $1 Qxh2+ $1 20. Kxh2 Ng4+ 21. Kg1
Nxe3 22. Nxh8 Nxd5 (22... Bxg2 $5 23. Ba4+ Kd8 24. dxe6 $16) 23. Ba4+ $1 Ke7
24. Bg5+ $1 Nf6 25. Kxf1 $18 {Yusupov,A-Polgar,J/Moscow olm/1994/1-0 (45)}) (
14... Be7 15. e5 Nd5 16. Bg5 Bc6 17. Bxd5 Bxd5 18. Bxe7 Kxe7 19. Nd6 h6 20. Qe3
cxd4 21. Nxd4 f6 22. f4 g5 23. N4b5 fxe5 24. fxg5 Rg8 25. Rf7+ {Ginting,
N-Reefat,S/Moscow olm (14) INA-BAN/1994/1-0 (33)}) 15. Nfxd4 {Recently 15.
Nbxd4 has been more popular, see e.g. Huebner,R-Georgiev,K/Mosccow olm/1994/}
Nc5 16. Bc4 (16. e5 Nfd7 17. Bf4 Be7 (17... Nxb3 {Hansen,LB} 18. Nxb3 Be7 19.
Rd1 Ba6 20. Nc7+ Qxc7 21. Qxa6 O-O 22. Nd4 Nc5 23. Qc4 $14 {Kopylov,N-Flohr,S/
Moscow/1951/}) 18. Bc2 O-O 19. Re1 Rd8 20. Qg4 Nf8 21. h4 Ng6 22. Bg3 Rd5 23.
Re3 Nxe5 24. Qh5 f5 25. Nxe6 g6 26. Qe2 Ba6 27. Nxc5 Qxb5 28. Nxa6 {1-0/
Uhlmann,W-Gheorghiu,F/Hastings/1965/}) 16... Be7 {Safe.Taking the e4-pawn is
extremely dangerous considering the lacking development of the kingside pieces.
} (16... Nfxe4 17. f3 Nd6 18. Bf4 $44) 17. e5 Nfd7 18. Re1 O-O 19. Bf4 Nb6 20.
Nd6 {[%csl Gd6] Fortunatelly for black the N is not doing so much harm, but it
will have to be expelled rather soon.} Bd5 $1 (20... Nxc4 21. Qxc4 {>< b4} Na6
22. Nc6 $14) 21. Bb5 (21. Bxd5 Nxd5 22. Bg3 Qb6 $10) 21... Nc8 {Good defensive
play.} 22. Bc6 (22. Nxc8 Rxc8 {>< e5}) 22... Nxd6 23. Bxd5 exd5 (23... Ndb7 $6
24. Nc6 Qc7 25. Bf3 $16) 24. Nc6 Qc7 25. Nxe7+ (25. exd6 $2 Bxd6 26. Qe8 Ne6 $1
27. Rxe6 $140 fxe6 28. Qxe6+ Kh8 29. Qxd6 Qxd6 30. Bxd6 Rc8 $17) 25... Qxe7 26.
exd6 Qxe2 27. Rxe2 Rd8 {[%csl Yd5,Yd6] The P has to be taken seriously, but
white must also take care about the d5 enemy.} 28. Bd2 (28. Re7 d4 29. Kf1 Kf8
$13) (28. f3 $1 {Romero Holmes}) 28... Ne4 29. Bxb4 f6 (29... Nxd6 $4 30. Bxd6
$18) 30. f3 Nxd6 31. Bc5 Kf7 32. Kf2 (32. Rd2 Nc4) 32... h5 33. b4 h4 {() >>}
34. Bxd6 (34. Ke3 Nb5 35. Kd3 Rd7 $10) (34. Ra2 $5 {Hansen,LB} Nb5 $14) 34...
Rxd6 35. b5 Rb6 36. Rb2 d4 37. Ke2 Ke6 38. Kd3 Kd5 39. h3 (39. Rb4 {Hansen,LB}
g5 (39... Kc5 40. Rxd4 Rxb5 41. Rxh4 Kd6 $14) 40. Rxd4+ Kc5 41. Rc4+ Kxb5 42.
Rc8 Re6 $1 $10) 39... Kc5 40. f4 g6 (40... Rxb5 41. Rxb5+ Kxb5 42. Kxd4 Kc6 43.
Ke4 g6 $10) 41. Rc2+ Kd5 (41... Kd5 $1 {Hansen,LB} 42. Rb2 Kc5 $10) 1/2-1/2

[Event "RUS-ch"]
[Site "Elista"]
[Date "1995.??.??"]
[Round "5"]
[White "Namgilov, Sogto"]
[Black "Ibragimov, Ildar"]
[Result "0-1"]
[WhiteElo "2425"]
[BlackElo "2580"]
[Annotator "Ftacnik,L"]
[PlyCount "52"]
[EventDate "1995.10.??"]
[EventType "swiss"]
[EventRounds "11"]
[EventCountry "RUS"]
[SourceTitle "CBM 050"]
[Source "ChessBase"]
[SourceDate "1996.02.01"]
[SourceVersion "1"]
[SourceVersionDate "1996.02.01"]
[SourceQuality "1"]

1. Nf3 d5 2. c4 dxc4 3. e3 Nf6 4. Bxc4 e6 5. d4 c5 6. O-O a6 7. Qe2 b5 8. Bb3
Bb7 9. a4 (9. Nc3) 9... Nbd7 10. Rd1 Qb8 (10... Be7 11. dxc5 (11. axb5 axb5 12.
Rxa8 Qxa8 $10) 11... Bxc5 12. Ne5 $5 b4 $1 (12... Qb6 13. Nxd7 Nxd7 14. axb5
axb5 15. Rxa8+ Bxa8 16. Nc3 $10) 13. a5 $6 Qc7 14. Nxd7 Nxd7 15. Ba4 $6 (15.
Nd2) 15... O-O-O $1 $15 {Lukov,V-Dlugy,M/Palma de Mallorca (GMA)/1989/0-1 (48)}
) 11. axb5 (11. h3 Be7 12. axb5 axb5 13. Rxa8 Bxa8 14. Na3 b4 15. Nc4 O-O 16.
Nfe5 cxd4 17. exd4 Qb7 18. f3 Qa7 19. Be3 Bd5 20. Nxd7 Nxd7 {Moskalenko,
V-Zakharchenko,A/Yalta op (07)/1995/1/2-1/2 (34)}) (11. e4 cxd4 12. Nxd4 Bc5
13. axb5 axb5 14. Rxa8 Bxa8 15. Be3 Bd6 16. g3 Nxe4 17. Nxb5 Be7 18. Bf4 e5 19.
Bxf7+ Kxf7 20. Qc4+ Kf6 21. Rxd7 exf4 22. Qd4+ Qe5 23. Qxe5+ Kxe5 24. Rxe7+ Kf6
25. Ra7 Rd8 26. gxf4 Rd1+ 27. Kg2 Bd5 28. Nc7 Nc3+ 29. Nxd5+ Nxd5 {1/2-1/2
Loeffler,S-Yakovich,Y/Munich op9293 (03)/1993}) (11. Nbd2 Bd6 12. Nf1 O-O 13.
Bd2 c4 14. Bc2 Be4 15. Ba5 Rc8 16. b4 Qb7 17. Ng3 Bxc2 18. Qxc2 Bxg3 19. hxg3
Ne4 20. Ne5 f5 {Lelchuk,Z-Baburin,A/Helsinki op (02) ;CBM 32 1992/0-1 (42)})
11... axb5 12. Rxa8 Bxa8 13. Nc3 b4 14. Na4 (14. Nb5 $5 Be7 $13) 14... Be7 15.
e4 (15. dxc5 O-O 16. Bd2 Nxc5 $10) 15... cxd4 (15... Bxe4 16. Ng5 $40) (15...
Nxe4 16. d5) 16. Nxd4 (16. e5 $2 Bxf3) 16... Nxe4 17. Bc4 (17. Be3 Qb7 $5)
17... O-O 18. Nf5 {Indirect admission of the defeat. In a critical position
white realizes, that the planed 18.Ne6 is counterproductive an chooses a
compromising alternative.} (18. Nxe6 fxe6 19. Rxd7 Rxf2 20. Qg4 $5 (20. Bxe6+
$2 Kh8 21. Qg4 Qb5 $19) 20... Qf8 21. Be3 Bd5 $1 22. Rxd5 (22. Rxe7 Rc2 23. Qd1
(23. Bxd5 $2 Rc1+ $1 24. Bxc1 Qf2+) 23... Rxc4 $17) 22... exd5 23. Bxd5+ Kh8
24. Qd1 Rd2 $3 25. Bxd2 Bc5+ $19) 18... exf5 19. Rxd7 Bd6 $1 20. h3 Qe8 {
Black is very quick in taking over the initiative, his impressive Bs are
making the life of white's K rather misserable.} 21. Ra7 (21. Bb5 Qe5 22. f4
Qe6 $17) 21... Bc6 22. Bb3 (22. Qc2 Qe5 23. g3 Nxg3 $19) 22... Bxa4 23. Bxa4 (
23. Rxa4 Nc5 $19) 23... Qe5 24. f4 (24. Kf1 Qh2 25. Qe1 Qh1+ 26. Ke2 Qxg2 $19)
24... Bc5+ 25. Be3 (25. Kh2 Qd4 $19) 25... Ng3 26. fxe5 Nxe2+ (26... Nxe2+ 27.
Kf2 Bxa7 28. Bxa7 Nf4 $19) 0-1